<?xml version="1.0" encoding="UTF-8"?>
<record
    xmlns:xsi="http://www.w3.org/2001/XMLSchema-instance"
    xsi:schemaLocation="http://www.loc.gov/MARC21/slim http://www.loc.gov/standards/marcxml/schema/MARC21slim.xsd"
    xmlns="http://www.loc.gov/MARC21/slim">

  <leader>01097nam a22002777a 4500</leader>
  <controlfield tag="001">000686</controlfield>
  <controlfield tag="003">DO-SdBPM</controlfield>
  <controlfield tag="005">20250224122525.0</controlfield>
  <controlfield tag="007">000686</controlfield>
  <controlfield tag="008">161111b2010  mx   a ||||| |||| 00| 0 spa d</controlfield>
  <datafield tag="020" ind1=" " ind2=" ">
    <subfield code="a">9786071108432</subfield>
  </datafield>
  <datafield tag="040" ind1=" " ind2=" ">
    <subfield code="a">DO-SdBPM</subfield>
    <subfield code="b">spa</subfield>
    <subfield code="c">BPMSU</subfield>
  </datafield>
  <datafield tag="082" ind1=" " ind2="4">
    <subfield code="a"> 833.7</subfield>
    <subfield code="b">G864s 2010</subfield>
    <subfield code="2">22</subfield>
  </datafield>
  <datafield tag="100" ind1="1" ind2=" ">
    <subfield code="a">Grimm, Jacob Ludwig Karl,</subfield>
    <subfield code="d">1785-1863. </subfield>
  </datafield>
  <datafield tag="245" ind1="1" ind2="3">
    <subfield code="a">El sastrecillo valiente y otros cuentos /</subfield>
    <subfield code="c">Jacob Ludwig Karl Grimm y Wilhelm Karl Grimm ; ilustraci&#xF3;nes de Zobeck.</subfield>
  </datafield>
  <datafield tag="260" ind1=" " ind2=" ">
    <subfield code="a">M&#xE9;xico, D. F. : </subfield>
    <subfield code="b">Alfaguara, </subfield>
    <subfield code="c">2010.</subfield>
  </datafield>
  <datafield tag="300" ind1=" " ind2=" ">
    <subfield code="a">143 p. :</subfield>
    <subfield code="b">il. ;</subfield>
    <subfield code="c">19 cm. </subfield>
  </datafield>
  <datafield tag="490" ind1="0" ind2=" ">
    <subfield code="a">Alfaguara infantil</subfield>
  </datafield>
  <datafield tag="500" ind1=" " ind2=" ">
    <subfield code="a">Para ni&#xF1;os a partir de los 8  a&#xF1;os.</subfield>
  </datafield>
  <datafield tag="505" ind1="0" ind2=" ">
    <subfield code="t">El sastrecillo valiente --</subfield>
    <subfield code="t">Hans el afortunado --</subfield>
    <subfield code="t">La mesa, el burro y el palo --</subfield>
    <subfield code="t">El agua de la vida --</subfield>
    <subfield code="t">Los seis sirvientes --</subfield>
    <subfield code="t">Los tres pelos del diablo --</subfield>
    <subfield code="t">Blanca Nieves y Rosa Roja --</subfield>
    <subfield code="t">Ruiponces.</subfield>
  </datafield>
  <datafield tag="650" ind1=" " ind2="4">
    <subfield code="a">Novela infantil alemana</subfield>
  </datafield>
  <datafield tag="650" ind1=" " ind2="4">
    <subfield code="a">Cuentos infantiles alemanes</subfield>
  </datafield>
  <datafield tag="700" ind1="1" ind2=" ">
    <subfield code="a"> Grimm, Wilhelm Karl</subfield>
    <subfield code="e">autor </subfield>
  </datafield>
  <datafield tag="910" ind1=" " ind2=" ">
    <subfield code="a">VMateo V. Control de calidad. BPMSU</subfield>
  </datafield>
  <datafield tag="942" ind1=" " ind2=" ">
    <subfield code="2">ddc</subfield>
    <subfield code="c">BK</subfield>
  </datafield>
  <datafield tag="952" ind1=" " ind2=" ">
    <subfield code="0">0</subfield>
    <subfield code="1">0</subfield>
    <subfield code="2">ddc</subfield>
    <subfield code="4">0</subfield>
    <subfield code="7">0</subfield>
    <subfield code="8">CI-G</subfield>
    <subfield code="a">BPMET</subfield>
    <subfield code="b">BPMET</subfield>
    <subfield code="d">2016-11-11</subfield>
    <subfield code="e">Alfaguara</subfield>
    <subfield code="l">0</subfield>
    <subfield code="o"> BPMSU CGI 833.7 G864s 2010</subfield>
    <subfield code="p">BPMSU16111204</subfield>
    <subfield code="r">2016-11-11</subfield>
    <subfield code="w">2016-11-11</subfield>
    <subfield code="y">BK</subfield>
  </datafield>
  <datafield tag="952" ind1=" " ind2=" ">
    <subfield code="0">0</subfield>
    <subfield code="1">0</subfield>
    <subfield code="2">ddc</subfield>
    <subfield code="4">0</subfield>
    <subfield code="7">0</subfield>
    <subfield code="8">CI-G</subfield>
    <subfield code="a">BPMET</subfield>
    <subfield code="b">BPMET</subfield>
    <subfield code="d">2016-11-11</subfield>
    <subfield code="e">Alfaguara</subfield>
    <subfield code="l">0</subfield>
    <subfield code="o"> BPMSU CGI 833.7 G864s 2010</subfield>
    <subfield code="p">BPMSU16111205</subfield>
    <subfield code="r">2016-11-11</subfield>
    <subfield code="t">e.2</subfield>
    <subfield code="w">2016-11-11</subfield>
    <subfield code="y">BK</subfield>
  </datafield>
  <datafield tag="952" ind1=" " ind2=" ">
    <subfield code="0">0</subfield>
    <subfield code="1">0</subfield>
    <subfield code="2">ddc</subfield>
    <subfield code="4">0</subfield>
    <subfield code="7">0</subfield>
    <subfield code="8">CI-G</subfield>
    <subfield code="a">BPMET</subfield>
    <subfield code="b">BPMET</subfield>
    <subfield code="d">2016-11-11</subfield>
    <subfield code="e">Alfaguara</subfield>
    <subfield code="l">0</subfield>
    <subfield code="o"> BPMSU CGI 833.7 G864s 2010</subfield>
    <subfield code="p">BPMSU16111206</subfield>
    <subfield code="r">2016-11-11</subfield>
    <subfield code="t">e.3</subfield>
    <subfield code="w">2016-11-11</subfield>
    <subfield code="y">BK</subfield>
  </datafield>
  <datafield tag="999" ind1=" " ind2=" ">
    <subfield code="c">11908</subfield>
    <subfield code="d">11908</subfield>
  </datafield>
</record>
